Home Alone Trivia - Statistics

General Stats
  • This quiz has been taken 102 times
  • The average score is 10 of 15
Answer Stats
Question Answer % Correct
Where are Kevin and his family going on vacation? Paris
96%
Which item does Kevin steal from the store? Toothbrush
90%
What age is Kevin? 8
87%
What is Kevin's eldest brothers name? Buzz
87%
Where do the McCallister family live? Chicago
86%
What is Kevin's youngest cousins' name, who drinks Pepsi and wets the bed? Fuller
74%
Where does Kevin travel on his zipline as he jumps out the window? Tree House
73%
What is the name of the burglar duo who break into his house? Wet Bandits
72%
What does Kevin's dad find on the floor after they return home on Christmas morning? Gold Tooth
67%
What kind of pizza did Kevin want at dinner? Plain Cheese
60%
What TV show is Kevin watching, that scares him prompting him to call for his mom? Angels with Filthy Souls
57%
What is Kevin's neighbours' name, who his brother refers to as the "South Bend Shovel Slayer"? Marley
52%
Who is Kevin's neighbour hugging in the final scene of the movie? Granddaughter
48%
What is the name of the man who drives his mom home in a van, who refers to himself as "Polka King of the Midwest"? Gus
38%
What does Kevin hit the burglars with as they attempt to come up the stairs? Paint Tin
20%
No matching quizzes found
Score Distribution
Percent of People with Each Score
Percentile by Number Answered
Your Score History
You have not taken this quiz